Most Populous Pennsylvania Municipalities in 1900 - Statistics

General Stats
  • This quiz has been taken 7 times
  • The average score is 15 of 20
Answer Stats
Population County Status Municipality % Correct
35,416 Lehigh City Allentown
100%
52,733 ____ City Erie
100%
50,167 Dauphin City Harrisburg
100%
1,293,697 ____________ City Philadelphia
100%
321,616 Allegheny City Pittsburgh
100%
38,973 Blair City Altoona
86%
33,908 Delaware City Chester
86%
35,936 Cambria City Johnstown
86%
78,961 Berks City Reading
86%
102,026 Lackawanna City Scranton
86%
41,459 _________ City Lancaster
71%
22,265 Montgomery Borough Norristown
71%
51,721 Luzerne City Wilkes-Barre
71%
25,238 Northampton City Easton
57%
34,227 Allegheny City McKeesport
57%
28,757 Lycoming City Williamsport
57%
33,708 ____ City York
57%
28,339 Lawrence City New Castle
43%
18,202 Northampton Borough Shamokin
43%
20,321 Schuylkill Borough Shenandoah
43%
No matching quizzes found
Score Distribution
Percent of People with Each Score
Percentile by Number Answered
Your Score History
You have not taken this quiz